| 000 | 00574nam a2200229 a 4500 | ||
|---|---|---|---|
| 999 |
_c1846 _d1846 |
||
| 001 | 1846 | ||
| 003 | BD-JhCC | ||
| 005 | 20171025095441.0 | ||
| 008 | 171025s2005 -cn |||| || | 001 0 eng d | ||
| 020 | _a047171027X | ||
| 035 | _a(BD-JhCC)1846 | ||
| 040 |
_aBD-JhCC _dBD-JhCC |
||
| 041 | _aeng | ||
| 082 |
_222 _a332.02401 _bMAS 2005 |
||
| 100 | _aMasterson, Michael | ||
| 245 |
_aAutomatic Wealth / _c Michael Masterson, |
||
| 260 |
_aCanada : _bJhon Wiley & Sons, Inc. _c2005 |
||
| 300 |
_a278 cm. _c24 cm. |
||
| 650 | _aBusiness | ||
| 942 |
_2ddc _cBK |
||